<?xml version="1.0" encoding="UTF-8"?>
<marc:record xmlns:marc="http://www.loc.gov/MARC21/slim">
   <marc:leader>00000nam a2200000 a 4500</marc:leader>
   <marc:datafield ind1="1" ind2=" " tag="100">
      <marc:subfield code="a">Krivy, Petra</marc:subfield>
      <marc:subfield code="4">aut</marc:subfield>
      <marc:subfield code="e">Verfasser/-in</marc:subfield>
   </marc:datafield>
   <marc:datafield ind1=" " ind2=" " tag="653">
      <marc:subfield code="a">Softcover / Ratgeber/Natur/Hobbytierhaltung</marc:subfield>
   </marc:datafield>
   <marc:datafield ind1="0" ind2="0" tag="245">
      <marc:subfield code="a">Es ist nie zu spät</marc:subfield>
   </marc:datafield>
   <marc:datafield ind1="0" ind2="0" tag="245">
      <marc:subfield code="b">Hundeerziehung - fair, zugewandt, verständnisvoll</marc:subfield>
   </marc:datafield>
   <marc:datafield ind1="0" ind2="0" tag="245">
      <marc:subfield code="c">Petra Krivy</marc:subfield>
   </marc:datafield>
   <marc:datafield ind1=" " ind2="1" tag="264">
      <marc:subfield code="a">Stuttgart</marc:subfield>
      <marc:subfield code="b">Müller Rüschlikon</marc:subfield>
      <marc:subfield code="c">2025</marc:subfield>
   </marc:datafield>
   <marc:datafield ind1=" " ind2=" " tag="250">
      <marc:subfield code="a">1. Auflage</marc:subfield>
   </marc:datafield>
   <marc:datafield ind1="1" ind2=" " tag="520">
      <marc:subfield code="a">»Jetzt habe ich meinen Hund schon so lange, aber es klappt nichts. Ich kann ihn nie frei laufen lassen oder gar mit in die Stadt nehmen.« Aussagen wie diese hören Hundetrainer immer wieder, in den letzten Jahren häufig von Menschen, die sich in der Corona-Zeit einen Hund angeschafft haben. Lässt sich Versäumtes nachholen, wenn der Hund schon älter ist und das Mensch-Hund-Team in einer Sackgasse steckt? »Ja, es ist nie zu spät!« sagt die erfahrene Hundetrainerin Petra Krivy. In ihrem neuen Buch thematisiert sie Erziehungsdefizite, analysiert Hintergründe, macht Mut und zeigt Wege, wie durch Verstehen und Empathie aus Fehlern neue Chancen erwachsen können.
</marc:subfield>
   </marc:datafield>
   <marc:datafield ind1=" " ind2=" " tag="020">
      <marc:subfield code="a">9783275023608</marc:subfield>
      <marc:subfield code="9">9783275023608</marc:subfield>
   </marc:datafield>
   <marc:datafield ind1=" " ind2=" " tag="020">
      <marc:subfield code="a">3275023608</marc:subfield>
      <marc:subfield code="9">3275023608</marc:subfield>
   </marc:datafield>
   <marc:datafield ind1=" " ind2=" " tag="041">
      <marc:subfield code="a">ger</marc:subfield>
   </marc:datafield>
   <marc:datafield ind1=" " ind2=" " tag="300">
      <marc:subfield code="a">176 Seiten</marc:subfield>
   </marc:datafield>
</marc:record>
